00518nam a22001697a 450000500170000000800410001704000250005804100080008311000270009111100270011824500940014526000430023930000160028265000200029865000180031865000120033620200104041734.0151113b xxu||||| |||| 00| 0 spa d aCO-BoIAVHcCO-BoIAVH aspa aFundación Ecotropico aTaller Latinoamericano aAbordando las Causas Subyacentes de la De forestación y la Degradación de los Bosques aChile:bFundación Ecotropico,c1998. a43. paginas aDeforestación aDegradación aBosques